000 00641nam a2200241Ia 4500
003 OSt
005 20221006145321.0
006 a|||||r|||| 00| 0
007 ta
008 221006b |||||||| |||| 00| 0 eng d
020 _c
_3.50
024 _a14,437
037 _cTextual
040 _aEASL
_cEASL
_beng
041 _2eng
_aeng
082 _aO,3N06,1, K5;1
100 _aTARSIS Valeriy
_9654113
245 0 _aWard 7
_b An autobiographical novel
260 _aNew York
_bE.P. Dutton and Company
_c1965
300 _a159p.
_ccm.
942 _hO,3N06,1, K5;1
_cTEXL
_2CC
999 _c1082523
_d1082523